00402nam a2200169Ia 4500003000400000005001700004008004100021020001800062040000600080041001200086082002700098100002500125245003300150260002500183300001400208650001000222OSt20250109172027.0231217s9999 xx 000 0 und d a9780070447257 c0 aEnglish a001.6424XML WIL;2 R1 aWilliamson, Heather. 0aXML : the complete reference c2001bTMHaNew Delhi axxvi, 965 aXML,: